000 00973nam a22002537a 4500
003 OSt
005 20250123130005.0
008 250123b |||a|||| |||| 00| 0 spa d
020 _a9586145417
035 _aAFV7245 LA
037 _bDonación
040 _bspa
_cCO-JMCR
_erda
_aCO-JMCR
_dCO-JMCR
041 1 _aspa
_hpor
082 0 4 _aA-N
_bCOEa3
_223
100 1 _aCoelho, Paulo,
_d1947-
_eautor
_96578
245 1 0 _aA orillas del río Piedra me senté y lloré :
_buna novela sobre el poder milagroso del amor /
_cPaulo Coelho ; diseño de interiores Carolina Schavelzon ; traducción de Alfonso Indecoma.
260 _aSanta Fe de Bogotá :
_bEditorial Planeta,
_c1996.
300 _a214 páginas:
_c22 cm.
_bIlustraciones;
534 _ptítulo original :
_tNo margen do rio piedra eu sentei e chorei.
700 1 _aIndecona, Alfonso,
_etraductor
_912625
700 1 _aSchavelzon, Carolina.
_ediseño de interiores
_943977
942 _2ddc
_cBK
949 _an
_bn
999 _c30906
_d17290